Catálogo

Vista normal Vista MARC

Entrada Corporate Name

Número de registros utilizados en: 2

001 - CONTROL NUMBER

  • control field: 17423

003 - CONTROL NUMBER IDENTIFIER

  • control field: Mx-PuUPA

005 - DATE AND TIME OF LATEST TRANSACTION

  • control field: 20250902162108.0

008 - FIXED-LENGTH DATA ELEMENTS

  • fixed length control field: 250902|| aca||aabn | a|a d

040 ## - CATALOGING SOURCE

  • Original cataloging agency: Mx-PuUPA
  • Language of cataloging: spa
  • Transcribing agency: Mx-PuUPA
  • Modifying agency: Mx-PuUPA
  • Description conventions: rd

110 1# - HEADING--CORPORATE NAME

  • Corporate name or jurisdiction name as entry element: Gobierno del Estado de Puebla / Secretaría de Cultura,

374 ## - OCCUPATION

  • Occupation: Autor

377 ## - ASSOCIATED LANGUAGE

  • Language code: spa

670 ## - SOURCE DATA FOUND

  • Source citation: Cerámica policromada de Puebla, 2020:
  • Information found: t.p. (Gobierno del Estado de Puebla / Secretaría de Cultura) portada